000
00304nam a2200121Ia 4500
008
220216s9999 xx 000 0 und d
100
_a
Mathew P A
245
0
_a
Rubber gaveshanathil oonnal nalkenda mekhalakal
260
_b
Karshakan
_c
2011
300
_a
25-27
650
_a
Rubber research
942
_c
JS
999
_c
67615
_d
67615